Responses for show #7970 - Friday, April 12, 2019

James Holzhauer game 7.

Contestants

Mike Dindoffer, a writer and teacher from Greenfield, Massachusetts

Ali Filipowicz, a homemaker from Alexandria, Virginia

James Holzhauer, a professional sports gambler from Las Vegas, Nevada (whose 6-day cash winnings total $325,877)

Jeopardy! Round responses

GENERAL KNOWLEDGE
WOMEN OF POLITICS
I'D LIKE TO SELL A VOWEL
AMERICAN LITERATURE
CITY ADJECTIVES
GOOGLE'S TOP SEARCHES, 1999-2018
(Alex: As they celebrate their 20th anniversary. We're talking about searches in English.)
    $200 28
Batman and Robin

James
    $200 24
(Alex: Less than a minute now.)

Theresa May

Mike
    $200 30
O

Ali
    $200 29
Rip Van Winkle

Ali
    $200 25
Parisian

James
    $200 26
dog

James
    $400 27
MMM

James
    $400 23
Kamala

Mike
    $400 22
(Alex: For iodine.)

I

James
    $400 17
Who's Afraid of Virginia Woolf?

Mike
    $9,812 20
(Alex: [After James makes his wager] A significant date?)
(James: Anniversary.)
(Alex: Okay.)
(James: I don't know why I enjoyed that day in my swimsuit, but...)
...
(Alex: [*], Mass., or [*] in the UK.)

Cambridge

James
    $400 21
X-Men

James
    $600 14
Methuselah

James
    $600 15
Chile

Ali
    $600 18
(Model) A

James
    $600 9
(Louisa May) Alcott

Ali
    $600 19
Liverpudlian

James
    $600 16
MLK (Martin Luther King)

James
    $800 13
Robert's Rules of Order

Mike
    $800 12
(Elizabeth) Dole

James
    $800 11
O

James
    $800 8
Tropic of Cancer

James
    $800 3
Corinthian

James
    $800 10
Conor McGregor

James
    $1000 7
a mandoline

James
    $1000 6
(Alexandria) Ocasio-Cortez

James
    $1000 2
A&E

Ali
    $1000 1
"Gift of the Magi"

James
    $1000 4
(Mike: What is Parmesan?)
[Originally ruled incorrect; ruled acceptable during contestant interviews]

Milanese

JamesMike
    $1000 5
(Mike: What is the Book of Mormon?)

the Koran

AliMike

Scores at the first commercial break (after clue 15):

James Ali Mike
$8,600 $3,200 $800

Scores at the end of the Jeopardy! Round:

James Ali Mike
$22,012 $3,600 $1,800

Double Jeopardy! Round responses

MOOLAH
SCIENCE
A "B"6 SHOT
(Alex: Each correct response will be a 6-letter word beginning with the letter B.)
COLOMBIA PICTURES
CLASSIC FILM
5 EASY PIECES
    $400 29
Secretary of the Treasury

Mike
    $400 20
quartz

Mike
    $400 26
ballad

James
    $400 30
Bogotá

Ali
    $400 22
The Godfather

Ali
    $400 24
"Chopsticks"

Ali
    $800 28
five

Mike
    $800 19
a tsunami

Ali
    $800 25
bounty

Ali
    $800 27
Sofía Vergara

James
    $800 21
The Shawshank Redemption

Mike
    $800 23
a minuet

Ali
    $1200 7
penny ante

James
    $1200 4
meteorites

James
    $1200 18
byline

James
    $1200 9
Venezuela

Ali
    $1200 3
Jodie Foster

James
    $1200 17
"Für Elise"

Ali
    $11,914 8
Denver

James
    $1600 5
Andromeda

James
    $1600 14
bigamy

Mike
    $1600 10
Gabriel García Márquez

James
    $1600 2
the Marx Brothers

Ali
    $1600 16
Tchaikovsky

Mike
    $2000 12
a proof coin

Triple Stumper
    $2000 6
the larynx

James
    $2000 13
bursar

Ali
    $11,022 11
(Alex: [After James makes his wager] Would it help if I gave you my birth date? You'd make a large bet on that one.)

Cartagena

James
    $2000 1
The Good, the Bad and the Ugly

Mike
    $2000 15
(Mike: What is concerto?)

sonata

JamesMike

Scores at the end of the Double Jeopardy! Round:

James Ali Mike
$58,148 $13,200 $7,400
(lock game)

[wagering suggestions for these scores]

Final Jeopardy! Round responses

LITERARY ADAPTATIONS
MikeWhat is Burn After Reading Hi Mom!
$300
AliWhat is Fahrenheit 451?
$1,601
JamesWhat is Fahrenheit 451 ♥ happy bday Scarlett
$31,010
Fahrenheit 451

Final scores:

James Ali Mike
$89,158 $14,801 $7,100
7-day champion: $415,035 2nd place: $2,000 3rd place: $1,000

Game dynamics:

Coryat scores:

James Ali Mike
$29,400 $13,200 $7,400
32 R
(including 3 DDs),
0 W
16 R,
0 W
12 R,
2 W

Combined Coryat: $50,000

The J! Archive is created by fans, for fans. The Jeopardy! game show and all elements thereof, including but not limited to copyright and trademark thereto, are the property of Jeopardy Productions, Inc. and are protected under law. This website is not affiliated with, sponsored by, or operated by Jeopardy Productions, Inc. Join the discussion at JBoard.tv.